LEADER 01034nam0 22002771i 450 001 SUN0020113 005 20040715120000.0 010 $a88-7750-324-6 100 $a20040715d1995 |0itac50 ba 101 $aita 102 $aIT 105 $a|||| ||||| 200 1 $aManuale del colloquio e dell'intervista$fa cura di Giancarlo Trentini 210 $aTorino$cUTET libreria$d1995 215 $aXXII, 600 p.$d24 cm. 606 $aPsicologia$xColloquio$2FI$3SUNC008853 620 $dTorino$3SUNL000001 676 $a158.39$v21 702 1$aTrentini$b, Giancarlo$3SUNV016365 712 $aUTET$3SUNV000072$4650 801 $aIT$bSOL$c20181109$gRICA 912 $aSUN0020113 950 $aUFFICIO DI BIBLIOTECA DEL DIPARTIMENTO DI PSICOLOGIA$d16 CONS 2327 $e16 LET6692 995 $aUFFICIO DI BIBLIOTECA DEL DIPARTIMENTO DI PSICOLOGIA$bIT-CE0119$gLET$h6692$kCONS 2327$oc$qa 996 $aManuale del colloquio e dell'intervista$9144143 997 $aUNICAMPANIA LEADER 01224nam a2200313 i 4500 001 991001886629707536 008 061012s1994 dcuab b 000 0 eng d 020 $a0875902596 035 $ab13442983-39ule_inst 040 $aDi.S.Te.B.A.$beng 082 00$a592.177$222 084 $aLC QL364.18.B56 245 04$aThe bio-physics of marine larval dispersal /$cP. W. Sammarco and M. L. Heron, eds. 260 $aWashington, D.C. :$bAmerican Geophysical Union,$c1994 300 $axii, 352 p. :$bill., maps ;$c25 cm 440 0$aCoastal and estuarine studies,$x0733-9569 ;$v45 504 $aIncludes bibliographical references 650 0$aMarine invertebrates$xLarvae$xDispersal 650 0$aMarine fishes$xLarvae$xDispersal 650 0$aBiophysics 700 1 $aSammarco, Paul William 700 1 $aHeron, Malcolm Lewis 740 0 $aBiophysics of marine larval dispersal 907 $a.b13442983$b20-02-07$c12-10-06 912 $a991001886629707536 945 $aLE003 592 SAM01.01 (1994)$g1$i2003000090130$lle003$op$pE38.71$q-$rl$s- $t0$u0$v0$w0$x0$y.i14374353$z20-02-07 996 $aBio-physics of marine larval dispersal$91098283 997 $aUNISALENTO 998 $ale003$b12-10-06$cm$da $e-$feng$gdcu$h4$i0 LEADER 02769oas 2200949 a 450 001 9910229185803321 005 20260127110415.0 011 $a2162-2752 035 $a(DE-599)ZDB2568321-4 035 $a(OCoLC)472158707 035 $a(CONSER) 2011202308 035 $a(CKB)1000000000751168 035 $a(DE-599)2568321-4 035 $a(EXLCZ)991000000000751168 100 $a20090603a20099999 uy a 101 0 $aeng 135 $aurcnu|||||||| 181 $ctxt$2rdacontent 182 $cc$2rdamedia 183 $acr$2rdacarrier 200 00$aContemporary readings in law and social justice 210 $aWoodside, N.Y. $cAddleton Academic Publishers 300 $aRefereed/Peer-reviewed 311 08$a1948-9137 517 1 $aContemp. Readings L. & Soc. Just 606 $aSocial justice$vPeriodicals 606 $aLaw and the social sciences$vPeriodicals 606 $aSocial justice$xStudy and teaching$vPeriodicals 606 $aPublications pe?riodiques$2eclas 606 $aDroit$2eclas 606 $aJustice sociale$2eclas 606 $aDe?veloppement social$2eclas 606 $aLaw and the social sciences$2fast$3(OCoLC)fst00993926 606 $aSocial justice$2fast$3(OCoLC)fst01122603 606 $aSocial justice$xStudy and teaching$2fast$3(OCoLC)fst01122616 606 $aJustice sociale$vPe?riodiques 606 $aDroit et sciences sociales$vPe?riodiques 606 $aJustice sociale$xE?tude et enseignement$vPe?riodiques 608 $aPeriodicals.$2fast 608 $aPeriodicals.$2lcgft 608 $aperiodicals.$2aat 608 $aPe?riodiques.$2rvmgf 615 0$aSocial justice 615 0$aLaw and the social sciences 615 0$aSocial justice$xStudy and teaching 615 7$aPublications pe?riodiques. 615 7$aDroit. 615 7$aJustice sociale. 615 7$aDe?veloppement social. 615 7$aLaw and the social sciences. 615 7$aSocial justice. 615 7$aSocial justice$xStudy and teaching. 615 6$aJustice sociale 615 6$aDroit et sciences sociales 615 6$aJustice sociale$xE?tude et enseignement 676 $a303 801 0$bLGG 801 1$bLGG 801 2$bHTM 801 2$bUX0 801 2$bDLC 801 2$bDOS 801 2$bOCLCQ 801 2$bOCLCF 801 2$bBEDGE 801 2$bOCLCO 801 2$bFIE 801 2$bOCLCO 801 2$bOCLCQ 801 2$bYOR 801 2$bUUM 801 2$bBWN 801 2$bTXQ 801 2$bOCLCQ 801 2$bIOY 801 2$bOCLCL 801 2$bLVT 801 2$bQGK 906 $aJOURNAL 912 $a9910229185803321 996 $aContemporary readings in law and social justice$92024800 997 $aUNINA